000 00690cam a2200241 i 4500
001 4107928
003 GBCCL
005 20241126110404.0
008 760422s1976 ilu 000 0 eng
010 _a 75026443
020 _a0882077252 :
_c$1.95
040 _aDLC
_cDLC
_dDLC
050 0 0 _aBS1430.4
_b.B677
082 0 0 _a252
_bBRI
100 1 _aBriscoe, D. Stuart.
_93166
245 1 0 _aWhat works when life doesn't /
_cStuart Briscoe.
260 _aWheaton, Ill. :
_bVictor Books,
_cc1976.
300 _a143 p. ;
_c21 cm.
630 0 0 _aBible.
_pPsalms
_xSermons.
_93167
650 0 _aSermons, American.
_9270
906 _a7
_bcbc
_corignew
_d2
_eocip
_f19
_gy-gencatlg
942 _2ddc
_cBK
_01
999 _c1565
_d1565